000 01005nam a2200253Ia 4500
003 OSt
005 20221005113346.0
006 a|||||r|||| 00| 0
007 ta
008 221004b |||||||| |||| 00| 0 pan d
020 _cINR 200.00
024 _a65012
037 _bSP/5334, 28/01/2020, Star Publications Pvt. Ltd.
_cTextual
040 _aCRL
_cCRL
_bpan
041 _2pan
_apan
082 _aV2:51.M5, 153Q9
100 _aਸਿੰਘ, ਭੱਕਰ, ੳਗ.
245 0 _aਸਿੱਖ ਅਤੇ 1857 ਦਾ ਫ਼ਦਰ
_b ਲੈਫਟੀਨੈ੍ਵਟ ਕਰਨਲ ਗੁਲਚਰਨ ਸਿੰਘ ਡਾ ਗੰਡਾ ਸਿੰਘ ਇਤਿਹਾਸਕਾਰ
260 _aਫਰੀਦਕੋਟ
_bਭੱਕਰ ਸਿੰਘ ਭਾਰਤ
_c2019
300 _a63ਪ੍ਰ0
_ccm.
650 _aਇਤਿਹਾਸ
942 _hV2:51.M5, 153Q9
_cTEXL
_2cc
999 _c1027897
_d1027897